00545 2200169 4500245004200000020002200042250001100064100001800075650002000093005001900113260004200132041001400174084000800188300002300196500014700219336000900366 aBali To RemembercErlin CahyadihText a978-979-22-6444-9 aCet. 2 aErlin Cahyadi aNovel Indonesia a20231004141201 aJakartabGramedia Pustaka Utamac2011 aIndonesia a813 a224 hlm. :c20 cm. aGara-gara terpilih jadi host acara jalan-jalan bersama artis, hidup kira jadi ungkir balik kayak jet coaster. Apalagi artisnya Dean Christian. atext